EPIC : The Musical - We'll Be Fine - Statistics

General Stats
  • This quiz has been taken 83 times
  • The average score is 174 of 195
Answer Stats
Hint Answer % Correct
a
100%
had
100%
Athena i
100%
and
97%
be
97%
but
97%
fight
97%
friend
97%
he
97%
like
97%
was
97%
who
97%
you
97%
before
95%
didn't
95%
die!
95%
don't
95%
fine
95%
his
95%
if
95%
is
95%
it
95%
know
95%
lot
95%
maybe
95%
my
95%
the
95%
we
95%
your
95%
at
92%
Telemachus Athena
92%
dark
92%
help
92%
in
92%
i've
92%
life
92%
never
92%
so
92%
then
92%
went
92%
what
92%
apart
90%
best
90%
cause
90%
could
90%
demons
90%
felt
90%
good
90%
got
90%
grew
90%
helped
90%
he's
90%
him
90%
kid
90%
of
90%
Telemachus thanks
90%
time
90%
Telemachus to
90%
with
90%
you're
90%
day
87%
for
87%
has
87%
light
87%
night
87%
sleep
87%
strong
87%
thought
87%
too
87%
we'll
87%
been
85%
he'd
85%
i'd
85%
you'll
85%
all
82%
another
82%
as
82%
goal
82%
mine
82%
reach
82%
soul
82%
that
82%
think
82%
through
82%
ask
79%
couldn't
79%
more
79%
not
79%
splendid
79%
find
77%
hadn't
77%
made
77%
mind
77%
wars
77%
different
74%
it's
74%
call
72%
he'll
72%
one
72%
planned
69%
unwind
69%
gonna
67%
learn
67%
missed
67%
turn
67%
way
67%
bright
64%
fall
64%
great
64%
hand
62%
out
59%
lend
56%
wasn't
54%
spent
49%
No matching quizzes found
Score Distribution
Percent of People with Each Score
Percentile by Number Answered
Your Score History
You have not taken this quiz